| 000 | 01170cam a2200205 4500 | ||
|---|---|---|---|
| 001 | WB3719-23 | ||
| 008 | 000000n2001 000 0 eng u | ||
| 035 | _a(Sirsi) u112561 | ||
| 245 | _aLandlord and tenant - rent reviews | ||
| 260 | _c2001 | ||
| 490 |
_aEstates Gazette _v[2001] 19 EG 139 (CS) (12/5/01) |
||
| 520 | _a"McDonald's Property Co Ltd v HSBC Bank plc", ChD 25 April 2001. A occupied a building for a 21-year term that commenced in June 1991. The rent was subject to an upwards-only review every 7 years. Landlord (B) was entitled to initiate the review, and in August 1999 served a notice proposing an annual rent for the 7-year period commencing 1998. A contended that the notice was too late. B claimed that the court was bound by the rule affirmed by HL - that time was not of the essence in rent review clauses. "Held": judgment was given for B. | ||
| 590 | _aWB | ||
| 650 | _aMCDONALD'S PROPERTY CO LTD V HSBC BANK | ||
| 650 | _aRENT REVIEWS | ||
| 650 | _aUNITED SCIENTIFIC HOLDINGS LTD V BURNLEY BC | ||
| 650 | _aCHEAPSIDE LAND DEVELOPMENT CO V MESSELS SERVICE CO | ||
| 690 | _aLANDLORD AND TENANT-RENT REVIEWS-CASE LAW | ||
| 942 | _n0 | ||
| 999 |
_c66994 _d66994 |
||